<?xml version="1.0" encoding="UTF-8"?>
<collection xmlns="http://www.loc.gov/MARC21/slim">
<record>
  <controlfield tag="000">02999ckm\a22002055i\4500</controlfield>
  <controlfield tag="001">545093</controlfield>
  <controlfield tag="005">20251009150933.0</controlfield>
  <controlfield tag="008">211122|\\\\\\\\xx\nnn\\\\\\\||\\\knund||</controlfield>
  <datafield tag="040" ind1=" " ind2=" ">
    <subfield code="d">UtOrBLW</subfield>
  </datafield>
  <datafield tag="245" ind1="0" ind2="0">
    <subfield code="a">Autograph calligraphic family tree of Buchinger's own family signed Matthew Buchinger</subfield>
    <subfield code="h">[graphic].</subfield>
  </datafield>
  <datafield tag="260" ind1=" " ind2=" ">
    <subfield code="a">[England],</subfield>
    <subfield code="c">[1734]</subfield>
  </datafield>
  <datafield tag="300" ind1=" " ind2=" ">
    <subfield code="a">1 item ;</subfield>
    <subfield code="c">272  x 197 mm</subfield>
  </datafield>
  <datafield tag="336" ind1=" " ind2=" ">
    <subfield code="a">text</subfield>
    <subfield code="b">txt</subfield>
    <subfield code="2">rdacontent</subfield>
  </datafield>
  <datafield tag="337" ind1=" " ind2=" ">
    <subfield code="a">unmediated</subfield>
    <subfield code="b">n</subfield>
    <subfield code="2">rdamedia</subfield>
  </datafield>
  <datafield tag="500" ind1=" " ind2=" ">
    <subfield code="a">This is a PRELIMINARY RECORD. It may contain incorrect information. The "FAST ACC" number is a temporary call number. Please email catalog@folger.edu for assistance.</subfield>
    <subfield code="5">DFo</subfield>
  </datafield>
  <datafield tag="541" ind1="1" ind2=" ">
    <subfield code="n">36 x 28 cm</subfield>
  </datafield>
  <datafield tag="600" ind1="1" ind2="0">
    <subfield code="a">Jay, Ricky</subfield>
    <subfield code="0">n  78004956</subfield>
    <subfield code="x">Art collections</subfield>
    <subfield code="0">sh 99002459</subfield>
    <subfield code="v">Exhibitions.</subfield>
    <subfield code="0">sh 99001275 </subfield>
  </datafield>
  <datafield tag="655" ind1=" " ind2="7">
    <subfield code="a">Manuscripts (documents)</subfield>
    <subfield code="0">300028569</subfield>
    <subfield code="2">aat</subfield>
  </datafield>
  <datafield tag="700" ind1="1" ind2=" ">
    <subfield code="a">Buchinger, Matthew,</subfield>
    <subfield code="d">1674-1739,</subfield>
    <subfield code="0">n  88007798,</subfield>
    <subfield code="e">artist.</subfield>
  </datafield>
  <datafield tag="852" ind1="8" ind2=" ">
    <subfield code="a">US-DFo</subfield>
    <subfield code="h">FAST ACC 272156</subfield>
    <subfield code="z">From dealer's description: "129. (Buchinger, Matthias)  Fine autograph calligraphic family tree of Buchinger's own family signed ("Mathew Buchinger") and with four further internal signatures ("Matthew Buchinger") Manuscript on two sheets of overlaid paper (overall 272 x 197 mm), the upper sheet with fifteen cutouts to reveal writing on second sheet, [England,] 1734. Matted. Buchinger's own family tree is one of his most attractive, demonstrating his incredible skill with a knife or scissors in addition to his calligraphy. This manuscript is also in the finest possible state of preservation, as fresh as the day Buchinger set down his pen after completing it. The Buchinger family tree is captioned on the top sheet below the ruled border: "In The Year of Our Lord 1734. This Tree was Drawn and Written by Mathew Buchinger, born Without Hands or Feet, In Germany Jun the 3d 1674, Married Lawfully to 4. Wife, &amp; set forth the Number of his Children, in the fruit, on Each Branch, in Which Place, the Day and the Year, the was born."A large cutout window on the top sheet reveals the record of Buchinger's four marriages, to Elsebe Shoomaker, 15 March 1701; Margeth Assawein, 3 December 1706; Ann Catharin Kemmelmeyer, 24 July 1710; and Ann Elizabeth Teys, 17 July 1722. The birth dates and places of each of his wives are also noted, as are the death dates and places of the first three (fine decorative designs below each of these entries remain hidden by the upper sheet of paper). This top sheet additionally has fourteen cutouts that disclose the births of Buchinger's fourteen children, which are also detailed on the second sheet. The children by each wife are suspended from four separate branches: one by Elsebe, three by Margeth, six by Ann Catharin, and four by Ann Elizabeth. Buchinger's peripatetic life is evidenced by the varied birthplaces of his children, which included Oldenburg, Strasburg, Nottingham, Zurich, Kempten, Halle, London, Belfast, Cork, Edinburgh, and Dublin. REFERENCE: Exemplars, p. 68; MB, figs. 36, 37; Wordplay 65."</subfield>
    <subfield code="z">Ordered from: Sotheby's Auctions New York, D9542, 2021-11-01, "The Ricky Jay Collection",  October 27, 2021, Lot #129.</subfield>
    <subfield code="7">833315</subfield>
    <subfield code="j">272156</subfield>
  </datafield>
  <datafield tag="909" ind1="C" ind2="O">
    <subfield code="o">oai:catalog.folger.edu:545093</subfield>
    <subfield code="p">GLOBAL_SET</subfield>
  </datafield>
  <datafield tag="980" ind1=" " ind2=" ">
    <subfield code="a">BIB</subfield>
  </datafield>
  <datafield tag="983" ind1=" " ind2=" ">
    <subfield code="a">Vault</subfield>
  </datafield>
</record>
<record>
  <controlfield tag="000">01513ckm\a22002055i\4500</controlfield>
  <controlfield tag="001">545092</controlfield>
  <controlfield tag="005">20251009150933.0</controlfield>
  <controlfield tag="008">211122s1733\\\\enknnn\\\\\\\||\\\kneng|d</controlfield>
  <datafield tag="040" ind1=" " ind2=" ">
    <subfield code="d">UtOrBLW</subfield>
  </datafield>
  <datafield tag="245" ind1="0" ind2="0">
    <subfield code="a">Autograph calligraphy exemplar signed Matthew Buchinger</subfield>
    <subfield code="h">[graphic].</subfield>
  </datafield>
  <datafield tag="260" ind1=" " ind2=" ">
    <subfield code="a">Norwich,</subfield>
    <subfield code="c">25 September 1733.</subfield>
  </datafield>
  <datafield tag="300" ind1=" " ind2=" ">
    <subfield code="a">1 item ;</subfield>
    <subfield code="c">68 x 87 mm</subfield>
  </datafield>
  <datafield tag="336" ind1=" " ind2=" ">
    <subfield code="a">text</subfield>
    <subfield code="b">txt</subfield>
    <subfield code="2">rdacontent</subfield>
  </datafield>
  <datafield tag="337" ind1=" " ind2=" ">
    <subfield code="a">unmediated</subfield>
    <subfield code="b">n</subfield>
    <subfield code="2">rdamedia</subfield>
  </datafield>
  <datafield tag="500" ind1=" " ind2=" ">
    <subfield code="a">This is a PRELIMINARY RECORD. It may contain incorrect information. The "FAST ACC" number is a temporary call number. Please email catalog@folger.edu for assistance.</subfield>
    <subfield code="5">DFo</subfield>
  </datafield>
  <datafield tag="541" ind1="1" ind2=" ">
    <subfield code="n">36 x 28 cm</subfield>
  </datafield>
  <datafield tag="655" ind1=" " ind2="7">
    <subfield code="a">Manuscripts (documents)</subfield>
    <subfield code="0">300028569</subfield>
    <subfield code="2">aat</subfield>
  </datafield>
  <datafield tag="700" ind1="1" ind2=" ">
    <subfield code="a">Buchinger, Matthew,</subfield>
    <subfield code="d">1674-1739,</subfield>
    <subfield code="0">n 88007798,</subfield>
    <subfield code="e">artist.</subfield>
  </datafield>
  <datafield tag="700" ind1="1" ind2=" ">
    <subfield code="a">Jay, Ricky,</subfield>
    <subfield code="0">n 78004956,</subfield>
    <subfield code="e">former owner.</subfield>
    <subfield code="5">DFo</subfield>
  </datafield>
  <datafield tag="752" ind1=" " ind2=" ">
    <subfield code="a">Great Britain</subfield>
    <subfield code="b">England</subfield>
    <subfield code="d">Norwich.</subfield>
  </datafield>
  <datafield tag="852" ind1="8" ind2=" ">
    <subfield code="a">US-DFo</subfield>
    <subfield code="h">FAST ACC 272155</subfield>
    <subfield code="z">From dealer's description: "125. (Buchinger, Matthias) Autograph calligraphy exemplar signed ("Matthew Buchinger") One page (68 x 87 mm) on a slip cut from a leaf of paper, Norwich, 25 September 1733, variously demonstrating frontward, backward, upside-down, and mirror writing; soiled, some restoration at top margin, tiny chip at right margin, hinged to a mat board. This standard formulation of Buchinger's writing prowess was evidently inscribed during his engagement at the Angel in Norwich: "This was Written by Matthias Buchinger born Without Hands or Feet 1674 in Germany." REFERENCE: Exemplars, p. 75; MB, fig. 22; Wordplay 70</subfield>
    <subfield code="z">Ordered from: Sotheby's Auctions New York, D9542, 2021-11-01, "The Ricky Jay Collection", October 27, 2021, Lot #125.</subfield>
    <subfield code="7">833314</subfield>
    <subfield code="j">272155</subfield>
  </datafield>
  <datafield tag="909" ind1="C" ind2="O">
    <subfield code="o">oai:catalog.folger.edu:545092</subfield>
    <subfield code="p">GLOBAL_SET</subfield>
  </datafield>
  <datafield tag="980" ind1=" " ind2=" ">
    <subfield code="a">BIB</subfield>
  </datafield>
  <datafield tag="983" ind1=" " ind2=" ">
    <subfield code="a">Vault</subfield>
  </datafield>
</record>
<record>
  <controlfield tag="000">01892ckm\a22002055i\4500</controlfield>
  <controlfield tag="001">545089</controlfield>
  <controlfield tag="005">20251009150932.0</controlfield>
  <controlfield tag="008">211122e17180501enknnn\\\\\\\||\\\kneng|d</controlfield>
  <datafield tag="040" ind1=" " ind2=" ">
    <subfield code="d">UtOrBLW</subfield>
  </datafield>
  <datafield tag="100" ind1="1" ind2=" ">
    <subfield code="a">Buchinger, Matthew,</subfield>
    <subfield code="d">1674-1739,</subfield>
    <subfield code="0">n 88007798,</subfield>
    <subfield code="e">artist.</subfield>
  </datafield>
  <datafield tag="245" ind1="1" ind2="0">
    <subfield code="a">Anne by the grace of God, of Great Britain, France, and Ireland Queen...</subfield>
    <subfield code="h">[graphic]/</subfield>
    <subfield code="c">drawn and written by me Matthew Buchinger.</subfield>
  </datafield>
  <datafield tag="246" ind1="1" ind2=" ">
    <subfield code="i">Exhibited in 2016 as:</subfield>
    <subfield code="a">Portrait of Queen Anne</subfield>
  </datafield>
  <datafield tag="260" ind1=" " ind2=" ">
    <subfield code="a">London,</subfield>
    <subfield code="c">May 1, 1718.</subfield>
  </datafield>
  <datafield tag="300" ind1=" " ind2=" ">
    <subfield code="a">1 drawing :</subfield>
    <subfield code="b">pen and ink on vellum,</subfield>
    <subfield code="c">185 x 134 mm</subfield>
  </datafield>
  <datafield tag="336" ind1=" " ind2=" ">
    <subfield code="a">still image</subfield>
    <subfield code="b">sti</subfield>
    <subfield code="2">rdamedia</subfield>
  </datafield>
  <datafield tag="336" ind1=" " ind2=" ">
    <subfield code="a">text</subfield>
    <subfield code="b">txt</subfield>
    <subfield code="2">rdacontent</subfield>
  </datafield>
  <datafield tag="337" ind1=" " ind2=" ">
    <subfield code="a">unmediated</subfield>
    <subfield code="b">n</subfield>
    <subfield code="2">rdamedia</subfield>
  </datafield>
  <datafield tag="500" ind1=" " ind2=" ">
    <subfield code="a">This is a PRELIMINARY RECORD. It may contain incorrect information. The "FAST ACC" number is a temporary call number. Please email catalog@folger.edu for assistance.</subfield>
    <subfield code="5">DFo</subfield>
  </datafield>
  <datafield tag="500" ind1=" " ind2=" ">
    <subfield code="a">Title transcribed from oval border around image.</subfield>
  </datafield>
  <datafield tag="500" ind1=" " ind2=" ">
    <subfield code="a">In lower margin: "London May 1, 1718. This is drawn and Written by me Matthew Buchinger born June 3, 1674, Without Hands &amp; Feet in Anspak in Germany."</subfield>
  </datafield>
  <datafield tag="520" ind1=" " ind2=" ">
    <subfield code="a">Bust length portrait of Queen Anne in oval surrounded by micrographic knotwork. Per Ricky Jay, micrographic lettering comprises three chapters from the Book of Kings, and continues beyond the frame into her hair (Matthias Buchinger. Los Angeles: Siglio, 2016, p.71).</subfield>
  </datafield>
  <datafield tag="541" ind1="1" ind2=" ">
    <subfield code="n">36 x 28 cm</subfield>
  </datafield>
  <datafield tag="583" ind1="0" ind2=" ">
    <subfield code="a">preliminary cataloging</subfield>
    <subfield code="c">2023-07</subfield>
    <subfield code="k">EB</subfield>
    <subfield code="2">local</subfield>
    <subfield code="5">DFo</subfield>
  </datafield>
  <datafield tag="585" ind1=" " ind2=" ">
    <subfield code="a">New York, Metropolitan Museum of Art, 8 January to 11 April 2016. Wordplay: Matthias Buchinger’s Drawings from the Collection of Ricky Jay (catalog entry 58)</subfield>
  </datafield>
  <datafield tag="655" ind1=" " ind2="7">
    <subfield code="a">Portraits</subfield>
    <subfield code="0">tgm008085g</subfield>
    <subfield code="x">Female.</subfield>
    <subfield code="2">gmgpc</subfield>
  </datafield>
  <datafield tag="655" ind1=" " ind2="7">
    <subfield code="a">Calligraphy (visual works)</subfield>
    <subfield code="2">aat</subfield>
  </datafield>
  <datafield tag="655" ind1=" " ind2="7">
    <subfield code="a">Drawings (visual works)</subfield>
    <subfield code="2">aat</subfield>
  </datafield>
  <datafield tag="655" ind1=" " ind2="7">
    <subfield code="a">Manuscripts (documents)</subfield>
    <subfield code="0">300028569</subfield>
    <subfield code="2">aat</subfield>
  </datafield>
  <datafield tag="700" ind1="1" ind2="0">
    <subfield code="a">Jay, Ricky,</subfield>
    <subfield code="0">n 78004956</subfield>
    <subfield code="e">former owner.</subfield>
  </datafield>
  <datafield tag="852" ind1="8" ind2=" ">
    <subfield code="a">US-DFo</subfield>
    <subfield code="z">Ordered from: Sotheby's Auctions New York, D9542, 2021-11-01, "The Ricky Jay Collection", October 27, 2021, Lot #110.</subfield>
    <subfield code="7">833311</subfield>
    <subfield code="j">272152</subfield>
    <subfield code="h">FAST ACC 272152</subfield>
  </datafield>
  <datafield tag="909" ind1="C" ind2="O">
    <subfield code="o">oai:catalog.folger.edu:545089</subfield>
    <subfield code="p">GLOBAL_SET</subfield>
  </datafield>
  <datafield tag="980" ind1=" " ind2=" ">
    <subfield code="a">BIB</subfield>
  </datafield>
  <datafield tag="983" ind1=" " ind2=" ">
    <subfield code="a">Vault</subfield>
  </datafield>
</record>
<record>
  <controlfield tag="000">02225ckm\a22002055i\4500</controlfield>
  <controlfield tag="001">545088</controlfield>
  <controlfield tag="005">20251009150932.0</controlfield>
  <controlfield tag="007">kj\bo</controlfield>
  <controlfield tag="008">211119|\\\\\\\\xx\nnn\\\\\\\||\\\knund||</controlfield>
  <datafield tag="040" ind1=" " ind2=" ">
    <subfield code="d">UtOrBLW</subfield>
  </datafield>
  <datafield tag="245" ind1="0" ind2="0">
    <subfield code="a">Plays at Skittles, plays on a Dulcimer, cups &amp; Balls</subfield>
    <subfield code="h">[graphic].</subfield>
  </datafield>
  <datafield tag="260" ind1=" " ind2=" ">
    <subfield code="a">[London],</subfield>
    <subfield code="c">[early 18th century]</subfield>
  </datafield>
  <datafield tag="300" ind1=" " ind2=" ">
    <subfield code="a">1 item ;</subfield>
    <subfield code="c">298 x 185 mm</subfield>
  </datafield>
  <datafield tag="336" ind1=" " ind2=" ">
    <subfield code="a">still image</subfield>
    <subfield code="b">sti</subfield>
    <subfield code="2">rdacontent</subfield>
  </datafield>
  <datafield tag="337" ind1=" " ind2=" ">
    <subfield code="a">unmediated</subfield>
    <subfield code="b">n</subfield>
    <subfield code="2">rdamedia</subfield>
  </datafield>
  <datafield tag="340" ind1=" " ind2=" ">
    <subfield code="a">paper</subfield>
    <subfield code="2">rdamat</subfield>
  </datafield>
  <datafield tag="340" ind1=" " ind2=" ">
    <subfield code="g">monochrome</subfield>
    <subfield code="2">rdacc</subfield>
  </datafield>
  <datafield tag="500" ind1=" " ind2=" ">
    <subfield code="a">This is a PRELIMINARY RECORD. It may contain incorrect information. The "FAST ACC" number is a temporary call number. Please email catalog@folger.edu for assistance.</subfield>
    <subfield code="5">DFo</subfield>
  </datafield>
  <datafield tag="541" ind1="1" ind2=" ">
    <subfield code="n">36 x 28 cm</subfield>
  </datafield>
  <datafield tag="655" ind1=" " ind2="7">
    <subfield code="a">Prints (visual works)</subfield>
    <subfield code="0">300041273</subfield>
    <subfield code="2">aat</subfield>
  </datafield>
  <datafield tag="700" ind1="1" ind2=" ">
    <subfield code="a">Buchinger, Matthew,</subfield>
    <subfield code="d">1674-1739,</subfield>
    <subfield code="0">n  88007798,</subfield>
    <subfield code="e">artist.</subfield>
  </datafield>
  <datafield tag="700" ind1="1" ind2=" ">
    <subfield code="a">Jay, Ricky,</subfield>
    <subfield code="0">n  78004956,</subfield>
    <subfield code="e">former owner.</subfield>
    <subfield code="5">DFo</subfield>
  </datafield>
  <datafield tag="852" ind1="8" ind2=" ">
    <subfield code="a">US-DFo</subfield>
    <subfield code="z">From dealer's description: "107.  (Buchinger, Matthias) | Plays at Skittles! Plays on a Dulcimer! Cups &amp; Balls! (Buchinger, Matthias) Autograph calligraphic inscription signed by Buchinger ("Mathew Buchinger") at the foot of an engraved portrait of him Engraving on paper (298 x 185 mm), a central portrait of Buchinger surrounded by thirteen English-captioned vignettes of Buchinger demonstrating his various skills, London?, early eighteenth century (signed in plate lower right Elias Beck ali: Heldenmuth sculpsit, but likely an English re-engraving), inscribed by Buchinger (variously demonstrating frontward, backward, upside-down, and mirror writing) in the lower margin, Stamford, 1718/9; date somewhat abraded, some fold separations and repairs, some thin spots, trimmed close. Like the Elias Beck engraving on which it is based, this engraving was evidently sold at Buchinger's performances, with the larger lower margin being available—likely at an additional fee—for a personalized calligraphic inscription by its subject. The talents of Buchinger illustrated here are not exactly the same as on the earlier Beck engraving. Here he is shown in the lower right image producing live birds from underneath cups rather than creating a whimsey bottle filled with intricately cut "fancies in wood."</subfield>
    <subfield code="z">Ordered from: Sotheby's Auctions New York, D9542, 2021-11-01, "The Ricky Jay Collection",  October 27, 2021, Lot #107</subfield>
    <subfield code="7">833310</subfield>
    <subfield code="j">272151</subfield>
    <subfield code="h">FAST ACC 272151</subfield>
  </datafield>
  <datafield tag="909" ind1="C" ind2="O">
    <subfield code="o">oai:catalog.folger.edu:545088</subfield>
    <subfield code="p">GLOBAL_SET</subfield>
  </datafield>
  <datafield tag="980" ind1=" " ind2=" ">
    <subfield code="a">BIB</subfield>
  </datafield>
  <datafield tag="983" ind1=" " ind2=" ">
    <subfield code="a">Vault</subfield>
  </datafield>
</record>
<record>
  <controlfield tag="000">01968ckm\a22002055i\4500</controlfield>
  <controlfield tag="001">545091</controlfield>
  <controlfield tag="005">20251009150933.0</controlfield>
  <controlfield tag="008">211122|\\\\\\\\xx\nnn\\\\\\\||\\\knund||</controlfield>
  <datafield tag="040" ind1=" " ind2=" ">
    <subfield code="d">UtOrBLW</subfield>
  </datafield>
  <datafield tag="245" ind1="0" ind2="0">
    <subfield code="a">This is to give Notice to all Gentlemen, Ladies and Others, That the Famous Matthew Buchinger … is come to this City, and is to be seen at the Angel in the Marketplace</subfield>
    <subfield code="h">[graphic].</subfield>
  </datafield>
  <datafield tag="260" ind1=" " ind2=" ">
    <subfield code="a">Norwich :</subfield>
    <subfield code="b">Printed by W. Chase,</subfield>
    <subfield code="c">[1733]</subfield>
  </datafield>
  <datafield tag="300" ind1=" " ind2=" ">
    <subfield code="a">1 item ;</subfield>
    <subfield code="c">116 x 92 mm</subfield>
  </datafield>
  <datafield tag="336" ind1=" " ind2=" ">
    <subfield code="a">text</subfield>
    <subfield code="b">txt</subfield>
    <subfield code="2">rdacontent</subfield>
  </datafield>
  <datafield tag="337" ind1=" " ind2=" ">
    <subfield code="a">unmediated</subfield>
    <subfield code="b">n</subfield>
    <subfield code="2">rdamedia</subfield>
  </datafield>
  <datafield tag="500" ind1=" " ind2=" ">
    <subfield code="a">This is a PRELIMINARY RECORD. It may contain incorrect information. The "FAST ACC" number is a temporary call number. Please email catalog@folger.edu for assistance.</subfield>
    <subfield code="5">DFo</subfield>
  </datafield>
  <datafield tag="541" ind1="1" ind2=" ">
    <subfield code="n">36 x 28 cm</subfield>
  </datafield>
  <datafield tag="655" ind1=" " ind2="7">
    <subfield code="a">Broadsides.</subfield>
    <subfield code="0">cv00912</subfield>
    <subfield code="2">rbmscv</subfield>
  </datafield>
  <datafield tag="700" ind1="1" ind2=" ">
    <subfield code="a">Buchinger, Matthew,</subfield>
    <subfield code="d">1674-1739,</subfield>
    <subfield code="0">n  88007798,</subfield>
    <subfield code="e">artist.</subfield>
  </datafield>
  <datafield tag="700" ind1="1" ind2=" ">
    <subfield code="a">Jay, Ricky,</subfield>
    <subfield code="0">n  78004956,</subfield>
    <subfield code="e">former owner.</subfield>
    <subfield code="5">DFo</subfield>
  </datafield>
  <datafield tag="852" ind1="8" ind2=" ">
    <subfield code="a">US-DFo</subfield>
    <subfield code="z">From dealer's description: "124. (Buchinger, Matthias) This is to give Notice to all Gentlemen, Ladies and Others, That the Famous Matthew Buchinger … is come to this City, and is to be seen at the Angel in the Marketplace. Norwich: Printed by W. Chase, [1733]  Letterpress handbill (116 x 92 mm). Soiled, some restoration at top and left margins costing a few letters (some supplied in pen in first line), hinged to a mat board.  A scarce ephemeral announcement for Buchinger’s 1733 appearance at the Angel in Norwich. "Before Norwich had a public theatre, numerous events and entertainments were presented at the Angel: 'monsters, freaks, and marvels' were exhibited, and a pair of elephants appeared in 1685" (MB, p. 51). The final paragraph encourages the curious "not to lose this Opportunity; for the like Little Man has not been seen since the Beginning of the World, and perhaps the like will never be again."  REFERENCE:  Exemplars, p. 75; LP&amp;FW, p. 54; MB, fig. 23; Wordplay 69."</subfield>
    <subfield code="z">Ordered from: Sotheby's Auctions New York, D9542, 2021-11-01, "The Ricky Jay Collection",  October 27, 2021, Lot #124</subfield>
    <subfield code="7">833313</subfield>
    <subfield code="j">272154</subfield>
    <subfield code="h">FAST ACC 272153</subfield>
  </datafield>
  <datafield tag="909" ind1="C" ind2="O">
    <subfield code="o">oai:catalog.folger.edu:545091</subfield>
    <subfield code="p">GLOBAL_SET</subfield>
  </datafield>
  <datafield tag="980" ind1=" " ind2=" ">
    <subfield code="a">BIB</subfield>
  </datafield>
  <datafield tag="983" ind1=" " ind2=" ">
    <subfield code="a">Vault</subfield>
  </datafield>
</record>
<record>
  <controlfield tag="000">01841ckm\a22002055i\4500</controlfield>
  <controlfield tag="001">545090</controlfield>
  <controlfield tag="005">20251009150933.0</controlfield>
  <controlfield tag="008">211122|\\\\\\\\xx\nnn\\\\\\\||\\\knund||</controlfield>
  <datafield tag="040" ind1=" " ind2=" ">
    <subfield code="d">UtOrBLW</subfield>
  </datafield>
  <datafield tag="245" ind1="0" ind2="0">
    <subfield code="a">This is to Give Notice, to All Gentlemen, Ladies, and Others, that the Famous Mathew Buchinger, is come to this City of London, and is to be seen at the Corner House of Great Suffolk-Street, near Charing Cross</subfield>
    <subfield code="h">[graphic].</subfield>
  </datafield>
  <datafield tag="260" ind1=" " ind2=" ">
    <subfield code="a">[London],</subfield>
    <subfield code="c">[1731]</subfield>
  </datafield>
  <datafield tag="300" ind1=" " ind2=" ">
    <subfield code="a">1 item ;</subfield>
    <subfield code="c">171 x 132 mm</subfield>
  </datafield>
  <datafield tag="336" ind1=" " ind2=" ">
    <subfield code="a">text</subfield>
    <subfield code="b">txt</subfield>
    <subfield code="2">rdacontent</subfield>
  </datafield>
  <datafield tag="337" ind1=" " ind2=" ">
    <subfield code="a">unmediated</subfield>
    <subfield code="b">n</subfield>
    <subfield code="2">rdamedia</subfield>
  </datafield>
  <datafield tag="500" ind1=" " ind2=" ">
    <subfield code="a">This is a PRELIMINARY RECORD. It may contain incorrect information. The "FAST ACC" number is a temporary call number. Please email catalog@folger.edu for assistance.</subfield>
    <subfield code="5">DFo</subfield>
  </datafield>
  <datafield tag="541" ind1="1" ind2=" ">
    <subfield code="n">36 x 28 cm</subfield>
  </datafield>
  <datafield tag="655" ind1=" " ind2="7">
    <subfield code="a">Broadsides.</subfield>
    <subfield code="0">cv00912</subfield>
    <subfield code="2">rbmscv</subfield>
  </datafield>
  <datafield tag="700" ind1="1" ind2=" ">
    <subfield code="a">Buchinger, Matthew,</subfield>
    <subfield code="d">1674-1739,</subfield>
    <subfield code="0">n  88007798,</subfield>
    <subfield code="e">artist.</subfield>
  </datafield>
  <datafield tag="700" ind1="1" ind2=" ">
    <subfield code="a">Jay, Ricky,</subfield>
    <subfield code="0">n  78004956,</subfield>
    <subfield code="e">former owner.</subfield>
    <subfield code="5">DFo</subfield>
  </datafield>
  <datafield tag="852" ind1="8" ind2=" ">
    <subfield code="a">US-DFo</subfield>
    <subfield code="z">From dealer's description: "121. (Buchinger, Matthias) This is to Give Notice, to All Gentlemen, Ladies, and Others, that the Famous Mathew Buchinger, is come to this City of London, and is to be seen at the Corner House of Great Suffolk-Street, near Charing Cross. [London, 1731] Letterpress handbill (171 x 132 mm). A little browned and soiled, tiny loss to upper right corner, small abrasion on verso from removal of a stamp with three tiny holes just touching a letter or two, mounting remnant on verso. After touring Great Britain, and a several year's sojourn in Scotland, Buchinger returned to London in 1731, his engagement heralded by the present handbill. In addition to being available for private performances, Buchinger played two shows daily, at 5:00 and 7:00, with the front seats costing a shilling and the rear seats sixpence."</subfield>
    <subfield code="z">Ordered from: Sotheby's Auctions New York, D9542, 2021-11-01, "The Ricky Jay Collection", October 27, 2021, Lot #121.</subfield>
    <subfield code="7">833312</subfield>
    <subfield code="j">272153</subfield>
    <subfield code="h">FAST ACC 272153</subfield>
  </datafield>
  <datafield tag="909" ind1="C" ind2="O">
    <subfield code="o">oai:catalog.folger.edu:545090</subfield>
    <subfield code="p">GLOBAL_SET</subfield>
  </datafield>
  <datafield tag="980" ind1=" " ind2=" ">
    <subfield code="a">BIB</subfield>
  </datafield>
  <datafield tag="983" ind1=" " ind2=" ">
    <subfield code="a">Vault</subfield>
  </datafield>
</record>

</collection>